Torschützen im Fußball WM Finale - Sudden Death - Statistiken

Allgemein
  • Dieses Quiz wurde 215 mal gespielt
  • Das Durchschnittsergebnis liegt bei 5 aus 12
Answers on the Grid
Answers color-coded by a green-red scale on the quiz's grid according to % correct below.
Mario Götze
Lionel Messi
Ángel Di María
Kylian Mbappé
Antoine Griezmann
Paul Pogba
Ivan Perišić
Mario Mandžukić
Andrés Iniesta
Marco Materazzi
Zinédine Zidane
Ronaldo
Miroslav Klose
Ronaldinho
Thierry Henry
Francesco Totti
Robin van Persie
Arjen Robben
Xavi
Olivier Giroud
Luka Modrić
Julián Álvarez
Ousmane Dembélé
Neymar
Thomas Müller
Mesut Özil
Randal Kolo Muani
Christiano Ronaldo
 
Antwortstatistiken
Antwort % Korrekt
Mario Götze
80%
Kylian Mbappé
69%
Lionel Messi
63%
Andrés Iniesta
49%
Ronaldo
47%
Zinédine Zidane
43%
Ángel Di María
40%
Mario Mandžukić
33%
Paul Pogba
30%
Antoine Griezmann
28%
Ivan Perišić
25%
Marco Materazzi
17%
Keine übereinstimmenden Quizze gefunden
Verteilung der Resultate
Anzahl Personen mit jedem Resultat
Perzentil nach korrekt beantworteten Fragen
Ihre Resultats-Entwicklung
Sie haben dieses Quiz noch nicht gespielt